Word Ladder: Skip the Turkey Quiz Stats

Quiz Updated Nov 27, 2014

Challenge
Share
Tweet
Embed
Score 0/9 Timer 02:00
1 Play Today
Hint Three Letter Word % Correct
Mathematical total of two or more numbersSUM
98.3%
Spotted cube used in many gamesDIE
96.3%
Circular chart comprised of wedges♨ PIE ♨
95.5%
ID card for mobile devicesSIM
95.4%
One of a deadly group of sevenSIN
94.2%
Little Drummer Boy sound following 'Pa Rum'♨ PUM ♨
92.7%
Performed a particular actionDID
92.4%
Youthful moniker for Billy or SundanceKID
92.2%
Familial folk often paired with 'kith'♨ KIN ♨
91.1%

Today's Daily Dose

You're not logged in!

Compare scores with friends on all Sporcle quizzes.
Sign Up with Email
OR
Log In

You Might Also Like...

Show Comments

Extras

Top Quizzes Today


Score Distribution

Your Account Isn't Verified!

In order to create a playlist on Sporcle, you need to verify the email address you used during registration. Go to your Sporcle Settings to finish the process.